000
00327nam a2200121Ia 4500
008
220216s9999 xx 000 0 und d
100
_a
Peries O S
245
0
_a
Prospects of the rubber industry
260
_b
Rubber Research Institute of Sri Lanka Bulletin
_c
1973
300
_a
13-14
650
_a
Rubber industry
942
_c
JS
999
_c
66042
_d
66042